Anatomy of the dog

Uloženo v:
Podrobná bibliografie
Hlavní autor: Miller, Malcolm E.
Médium: Kniha
Jazyk:Undetermined
Vydáno: Philadelphia W. B. Saunders compny 1964
Témata:
Tagy: Přidat tag
Žádné tagy, Buďte první, kdo otaguje tento záznam!
Thư viện lưu trữ: Trung tâm Học liệu Trường Đại học Cần Thơ
LEADER 00566nam a2200205Ia 4500
001 CTU_126613
008 210402s9999 xx 000 0 und d
020 |c 15.00 
082 |a 636.7089 
082 |b M647 
100 |a Miller, Malcolm E. 
245 0 |a Anatomy of the dog 
245 0 |c Malcolm E. Miller, George C. Christensen, Howard E. Evans 
260 |a Philadelphia 
260 |b W. B. Saunders compny 
260 |c 1964 
650 |a Dogs 
650 |x Anatomy 
904 |i M.Loan, Huỳnh Mai 
980 |a Trung tâm Học liệu Trường Đại học Cần Thơ